|
|
|
|
| LEADER |
00697cam a2200217 7i4500 |
| 001 |
0000044161 |
| 005 |
20170218090000.0 |
| 020 |
|
|
|a 9793464208 (pbk.)
|
| 090 |
0 |
0 |
|a HF1111
|b .G68 2005
|
| 100 |
1 |
|
|a Gorman, Tom
|
| 245 |
1 |
4 |
|a The complete ideal's guides :
|b MBA basic
|c Tom Gorman ; diterjemahkan oleh Sugeng Haryanto, Sukono, M. Rudi Atmoko.
|
| 250 |
|
|
|a 2nd ed.
|
| 260 |
|
|
|a Jakarta:
|b Prenada,
|c 2005.
|
| 300 |
|
|
|a xxiv, 391 p.:
|b ill.;
|c 23 cm.
|
| 650 |
0 |
0 |
|a Bisnis
|
| 700 |
1 |
|
|a Rudi Atmoko, M
|
| 700 |
0 |
|
|a Sukono
|
| 700 |
1 |
|
|a Haryanto, Sugeng
|
| 997 |
|
|
|a Centre for Graduate Studies
|
| 997 |
|
|
|a Business & Accountancy, Faculty
|
| 999 |
|
|
|a 0000051856
|b BOK
|c REFERENCE
|e 2nd Floor, Shah Alam
|